Prúdovo-tepelné režimy zapúzdrených vodičov napájania vlastnej spotreby : Č.v.odb. 26-34-9. Obhj.22.08.2002

Gespeichert in:
Bibliographische Detailangaben
1. Verfasser: Harsányi, Zoltán (Verfasst von)
Weitere Verfasser: Janíček, František, 1954- (Betreuung Doktorarbeit)
Format: Manuskript Buch
Sprache:Slowakisch
Veröffentlicht: Bratislava : STU v Bratislave FEI, 2002
Schlagworte:
Tags: Tag hinzufügen
Keine Tags, Fügen Sie das erste Tag hinzu!

MARC

LEADER 00000ntm a22000003a 4500
001 stu76962
005 20160719164757.2
008 020819s2002------------------------slo-d
040 |a STU  |b slo 
041 0 |a slo 
080 |a 621.311.18 
084 |a B8110B  |2 INS 
100 1 |a Harsányi, Zoltán  |4 aut 
245 1 |a Prúdovo-tepelné režimy zapúzdrených vodičov napájania vlastnej spotreby :  |b Č.v.odb. 26-34-9. Obhj.22.08.2002 
260 |a Bratislava :  |b STU v Bratislave FEI,  |c 2002 
300 |a 134 s 
650 7 |a Elektroenergetika  |2 stusub 
650 7 |a vlastná spotreba elektrární  |2 stusub 
700 1 |a Janíček, František,  |d 1954-  |4 ths  |u E020  |U FEI Fakulta elektrotechniky a informatiky  |T FEI Ústav elektroenergetiky a aplikovanej elektrotechniky  |X 1958  |U E020  |Y 548  |7 A000001958 
996 |b 284ED00122  |c E*PGŠ-833  |l EE01  |s A  |a 24  |w stu76962_0001